LEADER 03816oam 2200661I 450 001 9910778909803321 005 20230802004719.0 010 $a1-136-32590-5 010 $a1-136-32591-3 010 $a0-203-12115-5 024 7 $a10.4324/9780203121153 035 $a(CKB)2550000000097082 035 $a(EBL)956883 035 $a(OCoLC)798532407 035 $a(SSID)ssj0000677632 035 $a(PQKBManifestationID)11437050 035 $a(PQKBTitleCode)TC0000677632 035 $a(PQKBWorkID)10696497 035 $a(PQKB)10638566 035 $a(Au-PeEL)EBL956883 035 $a(CaPaEBR)ebr10542131 035 $a(CaONFJC)MIL761132 035 $a(OCoLC)784140192 035 $a(MiAaPQ)EBC956883 035 $a(EXLCZ)992550000000097082 100 $a20180706d2012 uy 0 101 0 $aeng 135 $aur|n|---||||| 181 $ctxt 182 $cc 183 $acr 200 00$aFunctional analytic psychotherapy $edistinctive features /$fMavis Tsai. [et al.] 210 1$aHove :$cRoutledge,$d2012. 215 $a1 online resource (144 p.) 225 1 $aCBT distinctive features series 300 $aDescription based upon print version of record. 311 $a0-415-60404-4 311 $a0-415-60403-6 320 $aIncludes bibliographical references (pages [133]-140) and index. 327 $aFront Cover; Functional Analytic Psychotherapy; Copyright Page; Contents; Preface; Acknowledgements; Part 1: The Distinctive Theoretical Features of Fap; 1. The historical roots of Functional Analytic Psychotherapy; 2. Appreciations and misunderstandings of behaviorism; 3. The importance of environments and history; 4. What's the function?; 5. Understanding the functions of the therapist; 6. The central role of reinforcement; 7. Natural versus arbitrary reinforcement; 8. Clinically relevant behaviors (CRBs); 9. Emotions and feelings; 10. Development of the self; 11. Intimacy and attachment 327 $a12. Cognitions and beliefs13. Hidden meaning; 14. The therapy relationship is a real relationship; 15. Creating a sacred space of trust and safety; Part 2: The distinctive practical features of fap; 16. The treatment rationale and the beginning of therapy; 17. Assessment and flexible case conceptualization; 18. Use of therapeutic rules; 19. Awareness (Rule 1, Rule 4); 20. Courage (Rule 2); 21. Therapeutic love (Rule 3); 22. Self-disclosure: using your personal reactions to clients; 23. Homework (Rule 5); 24. Talking with clients (Rule 5); 25. A logical therapeutic interaction in FAP 327 $a26. Openness to techniques from other therapies27. Termination; 28. Supervision and training; 29. Ethical issues and precautions; 30. The promise of FAP; References; Index 330 $aHow can I supercharge the therapy I currently use?This volume distils the core principles, methods, and vision of the approach. Each Functional Analytic Psychotherapy (FAP) principle is presented in terms of its intended purpose and is clearly linked to the underlying theory, thus providing clinicians with a straightforward guide for when and how to apply each technique.FAP embraces awareness, courage, and love as integral to the treatment process. Part I of this volume reviews the history of FAP and the basic behavioral principles on which it is based. Part II provid 410 0$aCBT distinctive features series. 606 $aBehavior therapy 606 $aPsychotherapist and patient 615 0$aBehavior therapy. 615 0$aPsychotherapist and patient. 676 $a616.89/142 676 $a616.89142 701 $aTsai$b Mavis$01499105 801 0$bMiAaPQ 801 1$bMiAaPQ 801 2$bMiAaPQ 906 $aBOOK 912 $a9910778909803321 996 $aFunctional analytic psychotherapy$93724940 997 $aUNINA